• 首页
  • 本馆介绍
  • 公告通知
  • 最新文献
  • 馆藏检索
  • 电子资源
  • 读者导购
  • 参考咨询
  • 我的图书馆
  • 登录
  • 详细信息显示
  • 放入我的书架
  • 预约/预借图书
  • 作者相关作品
  • 分类相关作品
  • 丛书相关作品
  • 出版社相关作品

书目信息

  • 表格格式
  • 工作单格式
  • 卡片格式
题名:
八位对数表
    
 
作者: ;测绘出版社 编
分册: 下册  
出版信息: 北京   测绘出版社  1974
页数: 951页
开本: 26cm
丛书名:
单 册:
中图分类: O1-644
科图分类:
主题词: 数学
电子资源:
ISBN:
000 00514nam0 2200193 45
001 0405211159
005 20060508104944.09
010    @b精装@dCNY9.50
091    @a15039.新20
100    @a20040521d1974 km y0chiy0120 ea
101 0  @achi
200 1  @a八位对数表@ABa Wei Dui Shu Biao@h下册@f测绘出版社编@FCe Hui Chu Ban She Bian
210    @a北京@c测绘出版社@d1974
215    @a951页@d26cm
606 0  @a数学
690    @aO1-644@v3
711 02 @a测绘出版社@4编
801    @aCN@bPftUser@c20060508
905    @dO1-644@e19:2
    
    八位对数表.下册/测绘出版社编.-北京:测绘出版社,1974
    951页;26cm
    
    
    ISBN (精装):CNY9.50
    
●
相关链接 在E读中查询图书 在五车中查询图书 在当当中查询图书 在豆瓣中查询图书


正题名:八位对数表     索取号:O1-644/19:2         预约/预借

序号 登录号 条形码 馆藏地/架位号 状态 备注
1 0008416   202269491   密集书库/ [索取号:O1-644/19:2] 在馆    
2 0008417   202269525   密集书库/ [索取号:O1-644/19:2] 在馆    
3 0008418   202301419   密集书库/ [索取号:O1-644/19:2] 在馆    
4 0008419   202269437   密集书库/ [索取号:O1-644/19:2] 在馆    
5 0008420   202301115   密集书库/ [索取号:O1-644/19:2] 在馆    
6 0008421   001962683   第二样本阅览室/ [索取号:O1-644/19:2] 在馆    
7 0008422   001234239   密集书库/ [索取号:O1-644/19:2] 在馆    
8 0008423   001234248   密集书库/ [索取号:O1-644/19:2] 在馆    
9 0008424   202286837   密集书库/ [索取号:O1-644/19:2] 在馆    
10 0008425   202286873   密集书库/ [索取号:O1-644/19:2] 在馆    
唐山师范学院图书馆 欢迎您!
大连网信软件有限公司© 版权所有